| 000 | 00663nam a22002417a 4500 | ||
|---|---|---|---|
| 001 | BD-DhSAU 7752 | ||
| 003 | BD-DhSAU | ||
| 005 | 20150528131112.0 | ||
| 008 | 150528b2000 ii a||||r|||| 001 0 eng d | ||
| 020 | _a8170368308 | ||
| 040 | _aBD-DhSAU | ||
| 082 |
_222 _a658.45 _bVIM |
||
| 100 | _aVilanilam, J.V. | ||
| 245 |
_aMore effective communication : _ba manual for professionals / _cJ.V. Vilanilam |
||
| 260 |
_aNew Delhi : _bResponse Books, _cc2000. |
||
| 300 |
_a238 p. : _bill. ; _c24 cm. |
||
| 504 | _aIncludes index. | ||
| 590 | _ajoy | ||
| 650 | _aExtension. | ||
| 650 | _aBusiness communication. | ||
| 650 | _aCommunication. | ||
| 942 |
_2ddc _cBOOK |
||
| 999 |
_c7752 _d7752 |
||